LEADER 01506nam 2200337Ia 450 001 996393853903316 005 20221108103659.0 035 $a(CKB)3810000000004244 035 $a(EEBO)2248511806 035 $a(OCoLC)09713626 035 $a(EXLCZ)993810000000004244 100 $a19830718d1645 uy | 101 0 $aeng 135 $aurbn#|||a|bb| 200 12$aA true discovery of the ministry of the Gospell, or, Those gifts which Christ gave at his Ascension, Ephes. 4. 8, II$b[electronic resource] $ewith their qualification, ordination, continuation, work, and maintenance according to that royall commission of King Jesus, Matth. 28, 19, 20, whereby may be cleerly seen the great difference between the ministers or servants of the churches of Jesu Christ and the ministers or rather masters of the churches of Antichrist ... /$fby Edward Barber 210 $aLondon $c[s.n.]$d1645 215 $a[6], 15 p 300 $aReproduction of original in the Huntington Library. 330 $aeebo-0113 606 $aClergy$xAppointment, call, and election 606 $aChurch$xAuthority 615 0$aClergy$xAppointment, call, and election. 615 0$aChurch$xAuthority. 700 $aBarber$b Edward$fd. 1674?$01010042 801 0$bUMI 801 1$bUMI 801 2$bWaOLN 906 $aBOOK 912 $a996393853903316 996 $aA true discovery of the ministry of the Gospell, or, Those gifts which Christ gave at his Ascension, Ephes. 4. 8, II$92369367 997 $aUNISA